<?xml version="1.0" encoding="UTF-8"?>
<collection xmlns="http://www.loc.gov/MARC21/slim">
 <record>
  <leader>02363aam a22003018a 4500</leader>
  <controlfield tag="001">NCT_5483</controlfield>
  <controlfield tag="008">090604s2009                  ||||||viesd</controlfield>
  <datafield tag="999" ind1=" " ind2=" ">
   <subfield code="c">278</subfield>
   <subfield code="d">278</subfield>
  </datafield>
  <datafield tag="020" ind1=" " ind2=" ">
   <subfield code="c">78000</subfield>
  </datafield>
  <datafield tag="082" ind1="0" ind2="4">
   <subfield code="2">23rd ed.</subfield>
   <subfield code="a">629.2772</subfield>
   <subfield code="b">S105</subfield>
  </datafield>
  <datafield tag="100" ind1="1" ind2=" ">
   <subfield code="a">Trần Thế San</subfield>
  </datafield>
  <datafield tag="245" ind1="1" ind2="0">
   <subfield code="a">Hệ thống nhiệt và điều hoà trên xe hơi đời mới</subfield>
   <subfield code="c">Trần Thế San, Trần Duy Nam</subfield>
  </datafield>
  <datafield tag="260" ind1=" " ind2=" ">
   <subfield code="a">H.</subfield>
   <subfield code="b">Khoa học và Kỹ thuật</subfield>
   <subfield code="c">2009</subfield>
  </datafield>
  <datafield tag="300" ind1=" " ind2=" ">
   <subfield code="a">230tr.</subfield>
   <subfield code="b">minh hoạ</subfield>
   <subfield code="c">27cm</subfield>
  </datafield>
  <datafield tag="520" ind1="3" ind2=" ">
   <subfield code="a">Nội dung tài liệu trình bày hệ thống nhiệt và điều hoà trên xe hơi đời mới. Nguyên lí vận hành của hệ thống điều hoà, các bộ phận của hệ thống nhiệt; Công cụ chẩn đoán, bảo dưỡng, sửa chữa hệ thống nhiệt và điều hoà không khí...</subfield>
  </datafield>
  <datafield tag="653" ind1=" " ind2=" ">
   <subfield code="a">Hệ thống nhiệt và điều hòa</subfield>
  </datafield>
  <datafield tag="655" ind1=" " ind2=" ">
   <subfield code="a">Công nghệ Kỹ thuật ô tô</subfield>
  </datafield>
  <datafield tag="700" ind1="1" ind2=" ">
   <subfield code="a">Trần Duy Nam</subfield>
  </datafield>
  <datafield tag="942" ind1=" " ind2=" ">
   <subfield code="2">ddc</subfield>
   <subfield code="c">BK</subfield>
  </datafield>
  <datafield tag="952" ind1=" " ind2=" ">
   <subfield code="0">0</subfield>
   <subfield code="1">0</subfield>
   <subfield code="2">ddc</subfield>
   <subfield code="4">0</subfield>
   <subfield code="6">629_277200000000000_S105</subfield>
   <subfield code="7">0</subfield>
   <subfield code="9">1860</subfield>
   <subfield code="a">000001</subfield>
   <subfield code="b">000001</subfield>
   <subfield code="d">2017-10-23</subfield>
   <subfield code="o">629.2772 S105</subfield>
   <subfield code="p">MD.05420</subfield>
   <subfield code="r">2017-10-23</subfield>
   <subfield code="v">78000.00</subfield>
   <subfield code="w">2017-10-23</subfield>
   <subfield code="y">BK</subfield>
  </datafield>
  <datafield tag="952" ind1=" " ind2=" ">
   <subfield code="0">0</subfield>
   <subfield code="1">0</subfield>
   <subfield code="2">ddc</subfield>
   <subfield code="4">0</subfield>
   <subfield code="6">629_277200000000000_S105</subfield>
   <subfield code="7">0</subfield>
   <subfield code="9">1861</subfield>
   <subfield code="a">000001</subfield>
   <subfield code="b">000001</subfield>
   <subfield code="d">2017-10-23</subfield>
   <subfield code="l">1</subfield>
   <subfield code="o">629.2772 S105</subfield>
   <subfield code="p">MD.05423</subfield>
   <subfield code="r">2021-01-12</subfield>
   <subfield code="s">2021-01-05</subfield>
   <subfield code="v">78000.00</subfield>
   <subfield code="w">2017-10-23</subfield>
   <subfield code="y">BK</subfield>
  </datafield>
  <datafield tag="952" ind1=" " ind2=" ">
   <subfield code="0">0</subfield>
   <subfield code="1">0</subfield>
   <subfield code="2">ddc</subfield>
   <subfield code="4">0</subfield>
   <subfield code="6">629_277200000000000_S105</subfield>
   <subfield code="7">0</subfield>
   <subfield code="9">1862</subfield>
   <subfield code="a">000001</subfield>
   <subfield code="b">000001</subfield>
   <subfield code="d">2017-10-23</subfield>
   <subfield code="o">629.2772 S105</subfield>
   <subfield code="p">MD.05426</subfield>
   <subfield code="r">2017-10-23</subfield>
   <subfield code="v">78000.00</subfield>
   <subfield code="w">2017-10-23</subfield>
   <subfield code="y">BK</subfield>
  </datafield>
  <datafield tag="952" ind1=" " ind2=" ">
   <subfield code="0">0</subfield>
   <subfield code="1">0</subfield>
   <subfield code="2">ddc</subfield>
   <subfield code="4">0</subfield>
   <subfield code="6">629_277200000000000_S105</subfield>
   <subfield code="7">0</subfield>
   <subfield code="9">6523</subfield>
   <subfield code="a">000001</subfield>
   <subfield code="b">000001</subfield>
   <subfield code="d">2018-02-02</subfield>
   <subfield code="o">629.2772 S105</subfield>
   <subfield code="p">MD.09779</subfield>
   <subfield code="r">2018-02-02</subfield>
   <subfield code="v">78000.00</subfield>
   <subfield code="w">2018-02-02</subfield>
   <subfield code="y">BK</subfield>
  </datafield>
  <datafield tag="952" ind1=" " ind2=" ">
   <subfield code="0">0</subfield>
   <subfield code="1">0</subfield>
   <subfield code="2">ddc</subfield>
   <subfield code="4">0</subfield>
   <subfield code="6">629_277200000000000_S105</subfield>
   <subfield code="7">0</subfield>
   <subfield code="9">6524</subfield>
   <subfield code="a">000001</subfield>
   <subfield code="b">000001</subfield>
   <subfield code="d">2018-02-02</subfield>
   <subfield code="o">629.2772 S105</subfield>
   <subfield code="p">MD.09780</subfield>
   <subfield code="r">2018-02-02</subfield>
   <subfield code="v">78000.00</subfield>
   <subfield code="w">2018-02-02</subfield>
   <subfield code="y">BK</subfield>
  </datafield>
  <datafield tag="952" ind1=" " ind2=" ">
   <subfield code="0">0</subfield>
   <subfield code="1">0</subfield>
   <subfield code="2">ddc</subfield>
   <subfield code="4">0</subfield>
   <subfield code="6">629_277200000000000_S105</subfield>
   <subfield code="7">0</subfield>
   <subfield code="9">6525</subfield>
   <subfield code="a">000001</subfield>
   <subfield code="b">000001</subfield>
   <subfield code="d">2018-02-02</subfield>
   <subfield code="o">629.2772 S105</subfield>
   <subfield code="p">MD.09781</subfield>
   <subfield code="r">2018-02-02</subfield>
   <subfield code="v">78000.00</subfield>
   <subfield code="w">2018-02-02</subfield>
   <subfield code="y">BK</subfield>
  </datafield>
  <datafield tag="952" ind1=" " ind2=" ">
   <subfield code="0">0</subfield>
   <subfield code="1">0</subfield>
   <subfield code="2">ddc</subfield>
   <subfield code="4">0</subfield>
   <subfield code="6">629_277200000000000_S105</subfield>
   <subfield code="7">0</subfield>
   <subfield code="9">6526</subfield>
   <subfield code="a">000001</subfield>
   <subfield code="b">000001</subfield>
   <subfield code="d">2018-02-02</subfield>
   <subfield code="o">629.2772 S105</subfield>
   <subfield code="p">MD.09782</subfield>
   <subfield code="r">2018-02-02</subfield>
   <subfield code="v">78000.00</subfield>
   <subfield code="w">2018-02-02</subfield>
   <subfield code="y">BK</subfield>
  </datafield>
  <datafield tag="952" ind1=" " ind2=" ">
   <subfield code="0">0</subfield>
   <subfield code="1">0</subfield>
   <subfield code="2">ddc</subfield>
   <subfield code="4">0</subfield>
   <subfield code="6">629_277200000000000_S105</subfield>
   <subfield code="7">0</subfield>
   <subfield code="9">6527</subfield>
   <subfield code="a">000001</subfield>
   <subfield code="b">000001</subfield>
   <subfield code="d">2018-02-02</subfield>
   <subfield code="o">629.2772 S105</subfield>
   <subfield code="p">MD.09783</subfield>
   <subfield code="r">2018-02-02</subfield>
   <subfield code="v">78000.00</subfield>
   <subfield code="w">2018-02-02</subfield>
   <subfield code="y">BK</subfield>
  </datafield>
  <datafield tag="980" ind1=" " ind2=" ">
   <subfield code="a">Thư viện Trường Đại học Nam Cần Thơ</subfield>
  </datafield>
 </record>
</collection>
